|
|
|
|
| LEADER |
02056cas a2200253 a 4500 |
| 001 |
AALejournalIMF012551 |
| 008 |
230101c9999 xx r poo 0 0eng d |
| 020 |
|
|
|c 5.00 USD
|
| 020 |
|
|
|z 9781462333387
|
| 022 |
|
|
|a 2617-6742
|
| 040 |
|
|
|a BD-DhAAL
|c BD-DhAAL
|
| 100 |
1 |
|
|a Milesi-Ferretti, Gian.
|
| 245 |
1 |
0 |
|a Global Imbalances :
|b In Midstream? /
|c Gian Milesi-Ferretti, Olivier Blanchard.
|
| 264 |
|
1 |
|a Washington, D.C. :
|b International Monetary Fund,
|c 2009.
|
| 300 |
|
|
|a 1 online resource (32 pages)
|
| 490 |
1 |
|
|a IMF Staff Position Notes
|
| 500 |
|
|
|a <strong>Off-Campus Access:</strong> No User ID or Password Required
|
| 500 |
|
|
|a <strong>On-Campus Access:</strong> No User ID or Password Required
|
| 506 |
|
|
|a Electronic access restricted to authorized BRAC University faculty, staff and students
|
| 520 |
3 |
|
|a This chapter analyses various reasons for global imbalances and ways to tackle these issues. Current account balances reflect a plethora of macroeconomic and financial mechanisms. The overall assessment is that the pre-crisis policy advice and the conclusions from the Multilateral Consultations still largely hold. Namely, it is important to address domestic and systemic distortions. It is recommended to increase private and public US saving. The private part has largely taken place. The public part will have to take place over time. This will be good for the United States and help global rebalancing. In the fallout from the financial crisis, the adjustment process of global imbalances has started. However, stopping in midstream is dangerous-while imbalances are smaller than they used to be, the world economy is fragile. Failure to act on the remaining domestic and systemic distortions that caused imbalances would threaten the nascent recovery.
|
| 538 |
|
|
|a Mode of access: Internet
|
| 700 |
1 |
|
|a Blanchard, Olivier.
|
| 830 |
|
0 |
|a IMF Staff Position Notes; Staff Position Note ;
|v No. 2009/029
|
| 856 |
4 |
0 |
|z Full text available on IMF
|u http://elibrary.imf.org/view/journals/004/2009/029/004.2009.issue-029-en.xml
|z IMF e-Library
|